00968nam a2200205Ia 4500008004100000020001500041041001200056082001600068100001800084245006700102260002800169300000800197650001500205700001700220942000700237999001500244952017100259952017100430952016100601221030s9999 xx 000 0 und d a9971512653 aEnglish a105.23bSon aR. E. Sonntag 0aFundamentals Of Thermodynamicscby R. E. Sonntag, C. Borgnakke bJohn WileyaIndiac2000 a783 aMechanical aC. Borgnakke cBK c7497d7497 pBE 4041g443.00l0o105.23 Sonr2024-06-13 00:00:00w2022-10-30yBK003Print4070aMIETLIBbMIETLIBcBL-Academic Block- C, FL-2, CUP-4, SH-2, R-2d2001-07-2510HBE pBE 4042g443.00l0o105.23 Sonr2024-06-13 00:00:00w2022-10-30yBK003Print4070aMIETLIBbMIETLIBcBL-Academic Block- C, FL-2, CUP-4, SH-2, R-2d2001-07-2510HBE pBE 4043g443.00l0o105.23 Sonr2024-06-13 00:00:00w2022-10-30yBK003Print4071aMIETLIBbMIETLIBcBL-Second, FL-1, CUP-71, SH-2, R-2d2001-07-2510HBE